000 00865nam a2200229Ii 4500
003 JO-AjNU
008 230605s9999||||xx |||||||||||||| ||und||
017 _a2014/9/4563
020 _a978-9957-97-065-9
040 _aJO-AjNU
_bara
_erda
_cJO-AjNU
041 _aara
050 1 4 _aHD49.S235 2022
100 3 _aالسكارنة، بلال خلف,
_eauthor
_963827
245 0 0 _aادارة الازمات = Crisis Management
250 _aط2 طبعة مزيدة ومنقحة- ومقيم ومحكم علميا
264 3 1 _aعمان: دار المسية للنشر والتوزيع والطباعة، 2022
300 _a488ص
_bيحتوي على جداول توضيحية
336 _atext
_btxt
_2rdacontent
337 _aunmediated
_bn
_2rdamedia
338 _avolume
_bnc
_2rdacarrier
650 4 _aادارة الاعمال-ادارة الازمات
_963828
999 _aA28972
_c32540
_d32540